CMA Entertainer of the Year - Statistics

General Stats
  • This quiz has been taken 519 times
  • The average score is 23 of 46
Answer Stats
Year Entertainer of the Year % Correct
1991 Garth Brooks
85%
1992 Garth Brooks
85%
1997 Garth Brooks
85%
1998 Garth Brooks
85%
1989 George Strait
76%
1990 George Strait
76%
1969 Johnny Cash
74%
2001 Tim McGraw
69%
1978 Dolly Parton
67%
1995 Alan Jackson
64%
2002 Alan Jackson
64%
2003 Alan Jackson
64%
2004 Kenny Chesney
64%
2006 Kenny Chesney
64%
2007 Kenny Chesney
64%
2008 Kenny Chesney
64%
1979 Willie Nelson
64%
2009 Taylor Swift
61%
2011 Taylor Swift
61%
2012 Blake Shelton
59%
2010 Brad Paisley
57%
1987 Hank Williams, Jr.
55%
1988 Hank Williams, Jr.
55%
1972 Loretta Lynn
54%
2005 Keith Urban
53%
1986 Reba McEntire
53%
1970 Merle Haggard
52%
1996 Brooks & Dunn
48%
1982 Alabama
45%
1983 Alabama
45%
1984 Alabama
45%
1999 Shania Twain
42%
1993 Vince Gill
35%
1994 Vince Gill
35%
2000 Dixie Chicks
29%
1971 Charley Pride
26%
1980 Barbara Mandrell
19%
1981 Barbara Mandrell
19%
1968 Glen Campbell
19%
1974 Charlie Rich
17%
1975 John Denver
17%
1973 Roy Clark
15%
1976 Mel Tillis
13%
1977 Ronnie Milsap
13%
1967 Eddy Arnold
11%
1985 Ricky Skaggs
9%
No matching quizzes found
Score Distribution
Percent of People with Each Score
Percentile by Number Answered
Your Score History
You have not taken this quiz